000
002320000a22000970004500
100
1
_a
Villarreal, Agustín
245
1
0
_a
Cómo reincorporárlos
300
_a
Num. 28, (1999), Páginas 22-23
773
0
_t
Continente nuevo
942
_c
ANA
999
_c
53368
_d
53368